000 01476nam a2200385 4500
001 ebr10069056
003 CaPaEBR
006 m u
007 cr cn|||||||||
008 030317s2003 enka sb 001 0 eng d
010 _z 2002071495
015 _aGBA321817
_2bnb
020 _z0521461367 (cased)
040 _aCaPaEBR
_cCaPaEBR
035 _a(OCoLC)57417928
050 1 4 _aQC173.6
_b.E96 2003eb
082 0 4 _a530.11
_222
245 0 0 _aExact solutions of Einstein's field equations
_h[electronic resource].
250 _a2nd ed. /
_bH. Stephani ... [et al.]
260 _aCambridge :
_bCambridge University Press,
_c2003.
300 _axxix, 701 p. :
_bill.
490 1 _aCambridge monographs on mathematical physics
500 _aPrevious ed.: 1980.
504 _aIncludes bibliographical references and index.
533 _aElectronic reproduction.
_bPalo Alto, Calif. :
_cebrary,
_d2009.
_nAvailable via World Wide Web.
_nAccess may be limited to ebrary affiliated libraries.
650 0 _aGeneral relativity (Physics)
650 0 _aGravitational waves.
650 0 _aSpace and time.
650 0 _aEinstein field equations
_xNumerical solutions.
655 7 _aElectronic books.
_2local
700 1 _aStephani, Hans.
710 2 _aebrary, Inc.
830 0 _aCambridge monographs on mathematical physics.
856 4 0 _uhttp://site.ebrary.com/lib/rucke/Doc?id=10069056
_zAn electronic book accessible through the World Wide Web; click to view
999 _c29222
_d29222